00518nam a22001457a 4500003000400000005001700004008004100021020001800062040002900080050002100109100005500130245012200185260004300307300002200350OSt20250211113404.0240117b |||||||| |||| 00| 0 eng d a9783110794977 cChuka university Library aP 151b.A37 2023 aJens Fleischhauer and Claudius Patrick Kihara (Ed) aAfrican Languages from a role and reference grammar perspectivebstudies on the syntax-semantics pragmatics interface aBerlin, BostonbDe degruyter.comc2023 a196pbillustrated